00473nam a2200181Ia 450000500170000000800410001702000180005804100080007608200150008410000120009924500410011125000120015226000320016430000090019650000280020565000460023370000120027920251122104920.0230125s9999 xx 000 0 und d a9780749442408 aeng a158.1bYEU aYeung R aThe Ultimate Career Success Workbook a1st Ed. c2004bKogan PageaNew Delhi a200p aPersonality Development aPersonality Development;Career Management aYeung R